[Event "FRA-chT1 1011"]
[Site "France"]
[Date "2010.11.13"]
[Round "2.7"]
[White "Carbonell, Francoise"]
[Black "Planchon, Corinne"]
[Result "0-1"]
[WhiteElo "1510"]
[BlackElo "1838"]
[PlyCount "46"]
[EventDate "2010.10.17"]
[EventType "team-tourn"]
[EventRounds "11"]
[EventCountry "FRA"]
[SourceTitle "EXT 2012"]
[Source "ChessBase"]
[SourceDate "2011.11.24"]
[SourceVersion "1"]
[SourceVersionDate "2011.11.24"]
[SourceQuality "1"]

1. d4 e6 2. Nf3 f5 3. g3 Nf6 4. Bg2 d5 5. 0-0 Bd6 6. Nbd2 0-0 7. c4 c6 8. c5 Bc7 9. Ne5 Bxe5 10. dxe5 Nfd7 11. Nf3 Nxc5 12. Bg5 Qe8 13. Qc1 Ne4 14. Bf4 Na6 15. h4 Bd7 16. a3 c5 17. Nh2 c4 18. Rd1 Ba4 19. Rd4 Nec5 20. Rxd5 exd5 21. Bxd5+ Kh8 22. Qxc4 Bb3 23. Qd4 Rd8 0-1